000 00551nam a2200193Ia 4500
005 20250508151652.0
008 008 250505s9999 xx 000 0 eng d
037 _aTextual
040 _aFEDL
_beng
_cFEDL
041 _aeng
_2eng
084 _a372.6, FRI
_qFEDL
100 _aFriedepich Willard J
_9759713
245 0 _aTeaching speech in high schools
260 _aNew York, USA
_bThe Macmillan Company
_c1953
300 _axx,487p
700 _a Wilcox Ruth A
_9759714
942 _cTEXL
_h372.6, FRI
999 _c1331281
_d1331281